| 000 | 01395cam a22004097a 4500 | ||
|---|---|---|---|
| 001 | 000094608 | ||
| 003 | CHAP | ||
| 005 | 20220329143035.0 | ||
| 008 | 051006d2005 mx r 00110 spa d | ||
| 010 | _a91074 | ||
| 011 | _a92046 | ||
| 035 | _a102609 | ||
| 040 | _cCHAP | ||
| 090 | _aTesis | ||
| 100 | 0 | 0 |
_aFlores García, Andrés. _941537 |
| 245 | 1 | 0 |
_aCultivo in vitro de Nolina parviflora (H.B.K.) Hemsl / _c/por Andrés Flores García. |
| 260 |
_aChapingo, Méx. : _bEl autor, _c2005. |
||
| 300 | _a50 h. | ||
| 502 | _aTesis (M. C. en Ciencias Forestales) - - UACH. División de Ciencias Forestales | ||
| 590 |
_aALEPH _b10 _c20130110 _lUCH01 _h1506 |
||
| 590 |
_aBATCH-UPD _b10 _c20130110 _lUCH01 _h0623 |
||
| 590 |
_aBATCH-UPD _b10 _c20130410 _lUCH01 _h0306 |
||
| 590 |
_aBATCH-UPD _b10 _c20130914 _lUCH01 _h1115 |
||
| 590 |
_aBATCH-UPD _b10 _c20140324 _lUCH01 _h1451 |
||
| 590 |
_aBATCH-UPD _b10 _c20141002 _lUCH01 _h0826 |
||
| 590 |
_aCONVERSION _b10 _c20130109 _lUCH01 _h1350 |
||
| 590 |
_aE12093SGE _b10 _c20130618 _lUCH01 _h1057 |
||
| 650 | 1 | 4 |
_aCultivo de tejidos. _930213 |
| 650 | 1 | 4 |
_aNolina. _981624 |
| 856 |
_3Finding aid _uhttp://10.13.5.2/tesis/102609.pdf _zTeclea aquí |
||
| 901 | _aBK | ||
| 905 | _aLilia | ||
| 942 | _cFOLL | ||
| 942 | _n0 | ||
| 949 |
_aTesis _bBC _cTES _d1026091 _eTS1 _h43971 _i102609 _sb |
||
| 949 |
_aTesis _bBC _cTES _d33724000964698 _eTS2 _fc.2 _h43972 _i102609 _si |
||
| 999 |
_c91074 _d91074 |
||